<?xml version="1.0" encoding="UTF-8"?><?xml-stylesheet type="text/xsl" href="static/style.xsl"?><OAI-PMH xmlns="http://www.openarchives.org/OAI/2.0/" xmlns:xsi="http://www.w3.org/2001/XMLSchema-instance" xsi:schemaLocation="http://www.openarchives.org/OAI/2.0/ http://www.openarchives.org/OAI/2.0/OAI-PMH.xsd"><responseDate>2026-06-29T02:07:11Z</responseDate><request verb="GetRecord" identifier="oai:docta.ucm.es:20.500.14352/114715" metadataPrefix="marc">https://docta.ucm.es/rest/oai/request</request><GetRecord><record><header><identifier>oai:docta.ucm.es:20.500.14352/114715</identifier><datestamp>2025-03-18T12:06:28Z</datestamp><setSpec>com_20.500.14352_14</setSpec><setSpec>col_20.500.14352_15</setSpec></header><metadata><record xmlns="http://www.loc.gov/MARC21/slim" xmlns:dcterms="http://purl.org/dc/terms/" xmlns:xsi="http://www.w3.org/2001/XMLSchema-instance" xmlns:doc="http://www.lyncode.com/xoai" xsi:schemaLocation="http://www.loc.gov/MARC21/slim http://www.loc.gov/standards/marcxml/schema/MARC21slim.xsd">
   <leader>00925njm 22002777a 4500</leader>
   <datafield ind2=" " ind1=" " tag="042">
      <subfield code="a">dc</subfield>
   </datafield>
   <datafield ind2=" " ind1=" " tag="720">
      <subfield code="a">Vilches García, Jorge</subfield>
      <subfield code="e">author</subfield>
   </datafield>
   <datafield ind2=" " ind1=" " tag="260">
      <subfield code="c">2016</subfield>
   </datafield>
   <datafield ind2=" " ind1=" " tag="520">
      <subfield code="a">Clara Campoamor (Madrid, 12.II.1882 – Lausana, Suiza, 30.IV.1972) entendió el feminismo como un humanismo en pro de la igualdad de derechos. Siguió la senda de Concepción Arenal y Emilia Pardo Bazán, y no quiso nunca un trato de favor por ser mujer, ni ningún tipo de discriminación positiva. Luchó prácticamente sola y venció. Comprometida y republicana, fue una de las primeras abogadas y diputadas españolas. Defendió el sufragio femenino en las Cortes constituyentes de 1931 con la oposición de republicanos, socialistas y, lo que más le dolió, de mujeres. Fue su pecado mortal cuando la izquierda perdió las elecciones de 1933, aquellas en las que votó la mujer por primera vez. Dejó el Partido Radical y quiso militar en Izquierda Republicana en 1935, pero fue rechazada en una votación asamblearia en Madrid. Injuriada y despreciada por casi todos, marchó al exilio al estallar la guerra. El franquismo no la dejó volver.</subfield>
   </datafield>
   <datafield ind1="8" ind2=" " tag="024">
      <subfield code="a">Vilches, Jorge: "Clara Campoamor, la humanista que la izquierda despreció", La Ilustración liberal: revista española y americana, 2016, 66.</subfield>
   </datafield>
   <datafield ind1="8" ind2=" " tag="024">
      <subfield code="a">https://hdl.handle.net/20.500.14352/114715</subfield>
   </datafield>
   <datafield ind1="8" ind2=" " tag="024">
      <subfield code="a">1139-8051</subfield>
   </datafield>
   <datafield ind1="8" ind2=" " tag="024">
      <subfield code="a">https://www.clublibertaddigital.com/ilustracion-liberal/66/clara-campoamor-la-humanista-a-la-que-desprecio-la-izquierda-jorge-vilches.html</subfield>
   </datafield>
   <datafield ind1="8" ind2=" " tag="024">
      <subfield code="a">https://www.clublibertaddigital.com/ilustracion-liberal/66/clara-campoamor-la-humanista-a-la-que-desprecio-la-izquierda-jorge-vilches.html</subfield>
   </datafield>
   <datafield ind2="0" ind1="0" tag="245">
      <subfield code="a">Clara Campoamor, la humanista a la que despreció la izquierda</subfield>
   </datafield>
</record></metadata></record></GetRecord></OAI-PMH>